[Event "Cairo-B"]
[Site "Cairo"]
[Date "1997.??.??"]
[Round "11"]
[White "Horvath, Jozsef"]
[Black "Hamed, Ahmed"]
[Result "1-0"]
[WhiteElo "2535"]
[BlackElo "2330"]

1.d4 Nf6 2.c4 g6 3.Nc3 Bg7 4.e4 d6 5.Nf3 O-O 6.Be2 e5 7.Be3 Ng4 8.Bg5 f6
9.Bh4 Nc6 10.d5 Ne7 11.Nd2 Nh6 12.f3 f5 13.O-O Nf7 14.Bf2 Kh8 15.c5 Ng8 16.Qc2 Nf6
17.Bd3 Bh6 18.Rad1 f4 19.cxd6 cxd6 20.Nb5 Bd7 21.Nxa7 Nh5 22.a4 Qg5 23.Rfe1 Bh3
24.Bf1 Ng3 25.hxg3 fxg3 26.Bb6 Bd7 27.Bb5 Bxb5 28.axb5 Qh4 29.Nf1 Ng5 30.Re3 Rf6
31.Nc8 Nh3+ 32.gxh3 Bxe3+ 33.Bxe3 Rxf3 34.Kg2 Rf8 35.Nb6 Qh5 36.Nxa8 Qf3+
37.Kg1 g2 38.Qf2  1-0

[Event "Goodricke op"]
[Site "Calcutta"]
[Date "1997.??.??"]
[Round "3"]
[White "Prakash, G B."]
[Black "Ehlvest, Jaan"]
[Result "0-1"]
[WhiteElo "2410"]
[BlackElo "2635"]

1.d4 g6 2.c4 Bg7 3.Nf3 d6 4.Nc3 Nd7 5.e4 e5 6.Be2 Ngf6 7.O-O O-O 8.Be3 Re8
9.d5 Ng4 10.Bg5 f6 11.Bd2 Nh6 12.b4 f5 13.Qb3 Nf7 14.c5 f4 15.cxd6 cxd6 16.Rfc1 Nf6
17.a4 g5 18.a5 g4 19.Ne1 Ng5 20.Qb1 Bh6 21.f3 Kh8 22.Nb5 Re7 23.Rxc8 Rxc8
24.Nxa7 Ra8 25.Nb5 Rg7 26.Kh1 Qd7 27.Nc3 Rf8 28.Qd3 Nh3 29.Nd1 g3 30.Bf1 Nf2+
31.Nxf2 gxf2 32.Nc2 Qh3 33.g4 Rxg4 34.fxg4 Qxg4 35.Be2  0-1

[Event "Goodricke op"]
[Site "Calcutta"]
[Date "1997.??.??"]
[Round "5"]
[White "Sharma, Dinesh K"]
[Black "Ravi, Lanka"]
[Result "0-1"]
[WhiteElo "2255"]
[BlackElo "2390"]

1.d4 Nf6 2.c4 g6 3.Nc3 Bg7 4.e4 d6 5.Nf3 O-O 6.Be2 Nbd7 7.O-O e5 8.dxe5 dxe5
9.Qc2 c6 10.h3 Qe7 11.Be3 Ne8 12.Bg5 f6 13.Bh4 Nc7 14.a3 a5 15.Rfd1 Ne6 16.Rab1 Nf4
17.Bf1 Nc5 18.b4 axb4 19.axb4 Nce6 20.Na4 Ng5 21.Nd2 Be6 22.f3 f5 23.Bf2 fxe4
24.Nxe4 Nxe4 25.fxe4 Rxa4 26.Qxa4 Nxh3+ 27.gxh3 Qg5+ 28.Kh1 Rxf2 29.Qb3 b5
30.Qc3 Qf4 31.Bg2 Bxc4 32.Rb2 Rxb2 33.Qxb2 Bf8 34.Qc3 h5 35.Kg1 g5 36.Rd2 c5
37.bxc5 Bxc5+ 38.Kh1 g4 39.Rd8+ Kf7 40.Qd2 Qxd2 41.Rxd2 Bd4 42.hxg4 hxg4
43.Rc2 Kf6 44.Kh2 Kg5 45.Kg3 Be3 46.Rb2 Bc1 47.Rc2 Be3 48.Rb2 Bd3 49.Rb3 Bf4+
50.Kf2 g3+ 51.Kg1 Bc4 52.Rc3 Be6 53.Rc6 Bc4 54.Rc8 Be3+ 55.Kh1 Bf2 56.Rf8 b4
57.Rf5+ Kg6 58.Rf8 b3 59.Rb8 Bd4 60.Bf1 Bxf1 61.Rg8+ Kf7 62.Rf8+ Ke7 63.Rxf1 b2
64.Kg2 Kd6 65.Kxg3 Kc5 66.Kf3 Kc4 67.Ke2 Kc3  0-1

[Event "Goodricke op"]
[Site "Calcutta"]
[Date "1997.??.??"]
[Round "11"]
[White "Lodhi, Mahmood"]
[Black "Ravi, Lanka"]
[Result "0-1"]
[WhiteElo "2415"]
[BlackElo "2390"]

1.d4 Nf6 2.c4 g6 3.Nc3 Bg7 4.e4 d6 5.Nf3 O-O 6.Be2 e5 7.d5 a5 8.Bg5 h6 9.Bh4 Na6
10.Nd2 Bd7 11.g4 Qb8 12.g5 Nh7 13.gxh6 Bxh6 14.Rg1 Qa7 15.Qb3 a4 16.Qd1 a3
17.b3 Nb4 18.Rc1 Kg7 19.Nf3 Qa5 20.Nd2 Rh8 21.c5 Nf6 22.Bg3 Qxc5 23.Na4 Qa5
24.Nc4 Qa7 25.Nxe5 Nxa2 26.Rc2 Qa5+ 27.Kf1 Bh3+ 28.Rg2 Nb4 29.Nc4 Nxc2 30.Qxc2 Qb4
31.e5 Nxd5 32.exd6 Nf4 33.Bxf4 Bxf4 34.dxc7  0-1

[Event "California-ch"]
[Site "California"]
[Date "1997.??.??"]
[Round "?"]
[White "Wolski, Thomas"]
[Black "Grefe, John A"]
[Result "1-0"]
[WhiteElo "2320"]
[BlackElo "2425"]

1.Nf3 Nf6 2.c4 g6 3.d4 Bg7 4.Nc3 O-O 5.e4 d6 6.Be2 e5 7.d5 a5 8.Bg5 h6 9.Be3 Ng4
10.Bc1 f5 11.exf5 gxf5 12.g3 Na6 13.Nh4 Nc5 14.O-O Nf6 15.f4 exf4 16.Bxf4 Nfe4
17.Nb5 Bxb2 18.Bxh6 Rf6 19.Rb1 Be5 20.Be3 c6 21.dxc6 bxc6 22.Bxc5 Nxc5 23.Nd4 d5
24.Ndxf5 Be6 25.Qc1 Ne4 26.Rb7 Bc7 27.Bd3 Bxf5 28.Nxf5 Rg6 29.Nh6+ Kh7 30.Rf7+  1-0

[Event "Cannes op-B 18th"]
[Site "Cannes"]
[Date "1997.??.??"]
[Round "1"]
[White "Birens, Eric Andre"]
[Black "Etchegaray, Patrice"]
[Result "0-1"]
[WhiteElo "2135"]
[BlackElo "2275"]

1.d4 Nf6 2.c4 g6 3.Nc3 Bg7 4.e4 d6 5.Nf3 O-O 6.Be2 Nbd7 7.O-O e5 8.Be3 Ng4
9.Bg5 f6 10.Bh4 Nh6 11.Qd2 Nf7 12.d5 a6 13.b4 Qe8 14.Ne1 a5 15.bxa5 Bh6 16.Qc2 Rxa5
17.Bg4 Bg5 18.Bg3 h5 19.Bxd7 Bxd7 20.f3 Be3+ 21.Bf2 Bxf2+ 22.Rxf2 b6 23.Nd3 f5
24.exf5 gxf5 25.Re2 Qd8 26.Nb4 Qh4 27.Rc1 Qxc4 28.Nc6 Bxc6 29.dxc6 Ng5 30.Kh1 Ne6
31.Qd2 Qf4 32.Re3 Nd4 33.Rce1 Rf7 34.Qd3 Rc5 35.g3 Qh6 36.f4 Qf6 37.fxe5 dxe5
38.Kg1 e4 39.Qd2 Kh7 40.Rf1 Nf3+ 41.Rexf3 exf3 42.Rxf3 Qxc6 43.Rd3 f4 44.Ne2 f3
45.Nd4 f2+ 46.Qxf2 Rc1+  0-1

[Event "Cannes op 18th"]
[Site "Cannes"]
[Date "1997.??.??"]
[Round "3"]
[White "Xu Jun"]
[Black "Cherniaev, Alexander"]
[Result "1/2-1/2"]
[WhiteElo "2515"]
[BlackElo "2455"]

1.d4 d6 2.e4 g6 3.c4 Bg7 4.Nc3 Nf6 5.Nf3 O-O 6.Be2 e5 7.d5 a5 8.Bg5 h6 9.Bh4 Qe8
10.Nd2 Na6 11.a3 Bd7 12.b3 Nh7 13.O-O h5 14.f3 Bh6 15.Kh1 Be3 16.Qc2 Qb8
17.Bf2 Bxf2 18.Rxf2 Qa7 19.Rff1 Qe3 20.Rae1 Qh6 21.Rb1 h4 22.b4 Nf6 23.Rfe1 Nh5  1/2-1/2

[Event "Cannes op 18th"]
[Site "Cannes"]
[Date "1997.??.??"]
[Round "3"]
[White "Touzane, Olivier"]
[Black "Al Modiahki, Mohamad"]
[Result "0-1"]
[WhiteElo "2355"]
[BlackElo "2410"]

1.Nf3 Nf6 2.d4 g6 3.c4 Bg7 4.Nc3 O-O 5.e4 d6 6.Be2 e5 7.dxe5 dxe5 8.Qxd8 Rxd8
9.Nd5 Nxd5 10.cxd5 c6 11.Bc4 cxd5 12.Bxd5 Nd7 13.Bg5 Re8 14.Nd2 h6 15.Be3 Nf6
16.Bb3 Rd8 17.Rc1 Ng4 18.Bc5 b6 19.Be7 Rd7 20.Bd5 Rb8 21.Bb4 Ba6 22.Nf3 Rbd8
23.Bb3 Nf6 24.Nxe5 Rd4 25.Bxf7+ Kh8 26.Bxg6 Rxb4 27.Nf7+ Kg8 28.Nxd8 Rxb2
29.f3 Bf8 30.Nc6 Bc5 31.Rxc5 bxc5 32.e5 Nd5 33.Kd1 Rxg2 34.Bb1 Nc3+ 35.Kc1 Ne2+
36.Kd1 Nc3+ 37.Kc1 Ne2+ 38.Kd1 Bb7 39.Ne7+ Kf8 40.Ng6+ Kf7 41.e6+ Kxe6 42.Ke1 Bxf3
43.Nh4 Nd4 44.Nxg2 Bxg2 45.Rg1 Nf3+ 46.Kf2 Nxg1 47.Kxg2 Ne2 48.Kf3 Nc3 49.Bc2 c4
50.a4 Nd5 51.Ke4 Nb4 52.Bd1 c3 53.Bb3+ Kd6 54.Kf5 c2 55.Bxc2 Nxc2 56.Kg6 Ne3
57.a5 Kc5 58.h3 Kb5 59.Kxh6 Kxa5 60.Kg5 Ng2 61.Kg4 Kb4 62.Kg3 a5  0-1

[Event "Cannes op-B 18th"]
[Site "Cannes"]
[Date "1997.??.??"]
[Round "3"]
[White "Kovacevic, Blazimir"]
[Black "Petit, Eric"]
[Result "0-1"]
[WhiteElo "2340"]
[BlackElo "2255"]

1.d4 Nf6 2.Nf3 g6 3.c4 Bg7 4.Nc3 O-O 5.e4 d6 6.Be2 Nbd7 7.O-O e5 8.Qc2 c6
9.Rd1 Qe7 10.Rb1 a5 11.b3 exd4 12.Nxd4 Nc5 13.f3 Nfd7 14.a3 Ne5 15.b4 axb4
16.axb4 Ne6 17.Be3 f5 18.c5 dxc5 19.Nxe6 Bxe6 20.Bxc5 Qg5 21.Rd6 Bc4 22.exf5 Qxf5
23.Rd2 Qxc2 24.Rxc2 Rfd8 25.Ne4 Bd5 26.Be7 Bxe4 27.fxe4 Rd4 28.Bf3 Re8 29.Bc5 Rd7
30.b5 cxb5 31.Rxb5 Rc8 32.Be2 Rdc7 33.Kf1 b6 34.Bd6 Rxc2 35.Bxe5 Bxe5 36.Rxe5 Rb2  0-1

[Event "Cannes op 18th"]
[Site "Cannes"]
[Date "1997.??.??"]
[Round "5"]
[White "Xu Jun"]
[Black "Al Modiahki, Mohamad"]
[Result "1-0"]
[WhiteElo "2515"]
[BlackElo "2410"]

1.d4 Nf6 2.c4 g6 3.Nc3 Bg7 4.e4 d6 5.Nf3 O-O 6.Be2 e5 7.d5 a5 8.Bg5 Na6 9.Nd2 Qe8
10.a3 Bd7 11.b3 h5 12.O-O Nh7 13.Be3 f5 14.f3 f4 15.Bf2 g5 16.b4 b6 17.c5 bxc5
18.b5 Nb8 19.b6 cxb6 20.Nc4 Qg6 21.Nxb6 Ra7 22.Rb1 Bh6 23.Kh1 g4 24.Nxd7 Rxd7
25.fxg4 Rg7 26.h3 Nf6 27.Rb6 hxg4 28.Bxg4 Nxg4 29.Qxg4 Qxg4 30.hxg4 f3 31.gxf3 Rxf3
32.Rxb8+ Kh7 33.Ne2 Rxg4 34.Ng1 Rf6 35.Rb3 Rxe4 36.Rh3 Ref4 37.Kg2 e4 38.Ne2 Rf3
39.Ng3 Rg6 40.Re1 Rxa3 41.Rxe4 Kg7 42.Re7+ Kf8 43.Re6 Rxe6 44.dxe6 Bg7 45.Rh7 Ke7
46.Rxg7+ Kxe6 47.Rg6+ Ke5 48.Rg5+ Ke6 49.Ne2 Ra2 50.Kf3 a4 51.Rg6+ Ke7 52.Bg3 d5
53.Bd6+ Kf7 54.Nf4 Rc2 55.Be5  1-0

[Event "Cannes op 18th"]
[Site "Cannes"]
[Date "1997.??.??"]
[Round "6"]
[White "Bernard, Christophe"]
[Black "Touzane, Olivier"]
[Result "0-1"]
[WhiteElo "2365"]
[BlackElo "2355"]

1.d4 Nf6 2.Nf3 g6 3.c4 Bg7 4.Nc3 O-O 5.e4 d6 6.Be2 e5 7.O-O Na6 8.Be3 Ng4
9.Bg5 Qe8 10.h3 h6 11.Bc1 Nf6 12.dxe5 dxe5 13.Be3 Nd7 14.Nd2 Ndc5 15.Nd5 Ne6
16.c5 Qd8 17.Bxa6 bxa6 18.Nc4 Nf4 19.Bxf4 exf4 20.Nxf4 Qg5 21.Qf3 Qxc5 22.Rac1 Bb7
23.Ne3 Qe5 24.Nfd5 Bxd5 25.Nxd5 Qxb2 26.a4 Be5 27.Qd3 Rfe8 28.Qxa6 Bd4 29.Rxc7 Rxe4
30.Ne7+ Kg7 31.Nxg6 Re1 32.Rxe1 Qxf2+ 33.Kh2 Qxe1 34.Re7 Bg1+ 35.Kh1 Qc1
36.g3 Bb6+ 37.Kg2 Qg1+ 38.Kf3 Qf2+ 39.Kg4 h5+  0-1

[Event "Cannes op-B 18th"]
[Site "Cannes"]
[Date "1997.??.??"]
[Round "7"]
[White "Nannelli, Paolo"]
[Black "Biti, Ozren"]
[Result "1-0"]
[WhiteElo "2265"]
[BlackElo "2135"]

1.d4 Nf6 2.Nf3 d6 3.c4 g6 4.Nc3 Bg7 5.e4 O-O 6.Be2 e5 7.d5 a5 8.Bg5 h6 9.Bh4 Na6
10.Nd2 Bd7 11.O-O Qb8 12.a3 Nh7 13.Rb1 h5 14.f3 Bh6 15.b4 axb4 16.axb4 Be3+
17.Kh1 f5 18.exf5 gxf5 19.f4 Bxf4 20.Rxf4 exf4 21.Bxh5 Nf6 22.Bxf6 Rxf6 23.Ne2 Qa7
24.Qe1 Be8 25.Nxf4 Bxh5 26.Nxh5 Rg6 27.Nf3 Rf8 28.Nh4 Rg5 29.Qe6+ Rf7 30.Qe8+ Rf8
31.Nf6+ Kg7 32.Qe7+  1-0

[Event "Cannes op-B 18th"]
[Site "Cannes"]
[Date "1997.??.??"]
[Round "8"]
[White "Peric, S."]
[Black "Levacic, Patrick"]
[Result "1-0"]
[WhiteElo "2260"]
[BlackElo "2350"]

1.d4 Nf6 2.c4 d6 3.Nf3 Nbd7 4.Nc3 e5 5.e4 g6 6.Be2 Bg7 7.O-O O-O 8.Re1 a5
9.dxe5 dxe5 10.Bf1 c6 11.Na4 Qe7 12.Qc2 Ne8 13.c5 Nc7 14.Bc4 Ne6 15.Bxe6 Qxe6
16.h3 Kh8 17.Rd1 f5 18.Rd6 Qe7 19.Bg5 Qf7 20.Be3 f4 21.Bd2 Qe7 22.Rd3 Ra6
23.Be1 g5 24.Nd2 h5 25.f3 Nf6 26.Nc4 g4 27.hxg4 hxg4 28.Bxa5 Nh5 29.fxg4 Ng3
30.Rad1 Bxg4 31.Bd8 Bxd1 32.Qxd1 Qf7 33.b3 Rxa4 34.Nd6 Qg6 35.bxa4 Rxd8 36.Nf7+ Qxf7
37.Rxd8+ Kh7 38.Qg4 Nxe4 39.Qh3+ Kg6 40.Rd7 Qf6 41.Qd3 Qf5 42.Rxb7 Bf8 43.Kh2 Bxc5
44.Rc7 Qh5+ 45.Qh3 Qxh3+ 46.Kxh3 Nf2+ 47.Kh2 Ng4+ 48.Kh3 Kf5 49.Rxc6 Bg1
50.a5 e4 51.a6 f3 52.gxf3 exf3 53.Rc8 Ne5 54.Kg3 Ke4 55.Re8 Bc5 56.Re7 f2
57.Kg2 Bxe7 58.a7 Bc5 59.a8=Q+ Kd3 60.a4 Ke2 61.Qe4+ Be3 62.Qc2+ Bd2 63.Qe4+ Be3
64.Qb1 Ng4 65.Qb5+ Ke1 66.Qb4+ Bd2 67.Qb1+ Ke2 68.Qf1+ Ke3 69.Qd1 Ne5 70.Qa1 Nd3
71.a5  1-0

[Event "Cappelle op"]
[Site "Cappelle la Grande"]
[Date "1997.??.??"]
[Round "2"]
[White "Roeder, Mathias"]
[Black "Nijboer, Friso"]
[Result "0-1"]
[WhiteElo "2460"]
[BlackElo "2555"]

1.d4 Nf6 2.c4 g6 3.Nc3 Bg7 4.e4 d6 5.Be2 O-O 6.Nf3 e5 7.dxe5 dxe5 8.Qxd8 Rxd8
9.Nd5 Nxd5 10.cxd5 c6 11.Bc4 cxd5 12.Bxd5 Na6 13.Bg5 Re8 14.O-O-O Nc7 15.Bb3 Be6
16.Kb1 Bxb3 17.axb3 f5 18.Rd7 Ne6 19.Be7 a5 20.Re1 a4 21.Rxb7 axb3 22.Ba3 Nd4
23.Nxd4 exd4 24.f3 Rab8 25.Rxb8 Rxb8 26.Rd1 fxe4 27.fxe4 Kf7 28.Bd6 Rb6 29.Rd3 Ke6
30.Bg3 Be5 31.Bf2 Rb7 32.Rf3 h5 33.h3 g5 34.g4 h4 35.Rf8 Bf4 36.Re8+ Kd7
37.Rg8 d3 38.Rg7+ Kc6 39.Rg6+ Kb5 40.e5 d2 41.Rd6 Rc7 42.Rd5+ Kc6  0-1

[Event "Cappelle op"]
[Site "Cappelle la Grande"]
[Date "1997.??.??"]
[Round "3"]
[White "Ruzele, Darius"]
[Black "Royer, Sylvain"]
[Result "1-0"]
[WhiteElo "2515"]
[BlackElo "2215"]

1.d4 Nf6 2.c4 g6 3.Nc3 Bg7 4.e4 d6 5.Be2 O-O 6.Nf3 e5 7.O-O exd4 8.Nxd4 Re8
9.f3 Nc6 10.Be3 Nh5 11.Qd2 Qh4 12.Ndb5 Be5 13.f4 Bxc3 14.Nxc3 Nf6 15.g3 Qh3
16.Bf3 Bg4 17.Bg2 Qh5 18.Nd5 Nxd5 19.cxd5 Ne7 20.Rac1 c5 21.dxc6 bxc6 22.Qxd6 Rad8
23.Qc5 Qxc5 24.Bxc5 Nc8 25.Bb4 Rd4 26.a3 Be2 27.Rfe1 Bb5 28.Red1 Red8 29.Rxd4 Rxd4
30.e5  1-0

[Event "Cappelle op"]
[Site "Cappelle la Grande"]
[Date "1997.??.??"]
[Round "3"]
[White "Legky, Nikolay A"]
[Black "Escobar Forero, Alder"]
[Result "0-1"]
[WhiteElo "2535"]
[BlackElo "2330"]

1.d4 Nf6 2.c4 g6 3.Nc3 Bg7 4.e4 d6 5.Be2 Nbd7 6.Nf3 e5 7.O-O O-O 8.Qc2 c6
9.Rd1 Qc7 10.Bg5 h6 11.Bd2 Re8 12.d5 a6 13.b4 cxd5 14.cxd5 Nf8 15.Rac1 g5
16.a4 Ng6 17.g3 Bg4 18.Be3 Rac8 19.Qb3 Qd7 20.Nd2 Bxe2 21.Nxe2 Qh3 22.Kh1 Ng4
23.Nf1 Nf4 24.Bxf4 exf4 25.Kg1 Rxc1 26.Rxc1 Rxe4 27.Rc8+ Bf8 28.Rc2 Rxb4  0-1

[Event "Cappelle op"]
[Site "Cappelle la Grande"]
[Date "1997.??.??"]
[Round "4"]
[White "Bobrowska, Monika"]
[Black "Hebden, Mark"]
[Result "0-1"]
[WhiteElo "2385"]
[BlackElo "2515"]

1.d4 Nf6 2.Nf3 g6 3.c4 Bg7 4.Nc3 O-O 5.e4 d6 6.Be2 e5 7.d5 Na6 8.O-O Nc5
9.Qc2 a5 10.Bg5 h6 11.Bh4 c6 12.Nd2 Bd7 13.a3 a4 14.f3 Qa5 15.Rfb1 cxd5 16.cxd5 Rfc8
17.Be1 Qd8 18.Bh4 h5 19.Bg5 Kh7 20.Qd1 Bh6 21.Bxh6 Kxh6 22.b4 axb3 23.Nxb3 Kg7
24.Nd2 Qa5 25.Nb5 Bxb5 26.Bxb5 Qc3 27.Nc4 Nd3 28.Ne3 Nf4 29.Rb3 Qc5 30.g3 h4
31.gxf4 exf4 32.Qe2 fxe3 33.Qxe3 Qxe3+ 34.Rxe3 Nh5 35.Bf1 Nf4 36.Rb3 Ra4
37.Rxb7 Rc3 38.Kf2 g5 39.Rb4 Raxa3 40.Rxa3 Rxa3 41.Rb6 Ra2+ 42.Kg1 Ng6 43.Ra6 Rb2
44.Bh3 Ne5 45.Bg4 Nxg4 46.fxg4 h3 47.Rxd6 Rg2+ 48.Kf1 Rxh2 49.Rc6 Rd2 50.Kg1 Rg2+
51.Kh1 Rxg4 52.d6 Rxe4 53.Rc5 f6 54.Rd5 Re8 55.Kh2 Kf7 56.Kxh3 Rd8 57.Rd1 f5
58.Rd3 Ke6  0-1

[Event "Cappelle op"]
[Site "Cappelle la Grande"]
[Date "1997.??.??"]
[Round "5"]
[White "Grooten, Herman"]
[Black "Apicella, Manuel"]
[Result "1-0"]
[WhiteElo "2390"]
[BlackElo "2500"]

1.d4 Nf6 2.c4 g6 3.Nc3 Bg7 4.e4 d6 5.Nf3 O-O 6.Be2 e5 7.Be3 Na6 8.d5 Ng4
9.Bg5 f6 10.Bh4 h5 11.Nd2 Nh6 12.h3 Nf7 13.g4 hxg4 14.Bxg4 Bh6 15.Bxc8 Rxc8
16.Qg4 Kh7 17.Rg1 Rg8 18.O-O-O Qe7 19.Kb1 Bxd2 20.Rxd2 Nh6 21.Qd1 Rcf8 22.f3 Qd7
23.Bf2 f5 24.a3 b6 25.Ka2 Nc5 26.b4 Nb7 27.exf5 gxf5 28.f4 a5 29.Be3 Rxg1
30.Qxg1 axb4 31.axb4 c5 32.dxc6 Qxc6 33.Kb3 Rc8 34.Qf1 Nd8 35.Nb5 Ra8 36.fxe5 Ndf7
37.exd6 Qe4 38.Qd3 Qh1 39.Bxb6 Ne5 40.Qd5 Nf3 41.Rf2 Qa1 42.Qxf3 Qa4+ 43.Kc3 Qa1+
44.Kd3 Qb1+ 45.Kd4  1-0

[Event "Cappelle op"]
[Site "Cappelle la Grande"]
[Date "1997.??.??"]
[Round "5"]
[White "Shchekachev, Andrei"]
[Black "Cvitan, Ognjen"]
[Result "1-0"]
[WhiteElo "2520"]
[BlackElo "2550"]

1.Nf3 Nf6 2.c4 g6 3.Nc3 Bg7 4.e4 d6 5.d4 O-O 6.Be2 e5 7.Be3 c6 8.d5 Ng4 9.Bg5 f6
10.Bh4 Na6 11.c5 Nxc5 12.b4 Nd7 13.dxc6 Nb6 14.a4 g5 15.Bg3 f5 16.a5 f4 17.Qb3+ Kh8
18.h3 fxg3 19.hxg4 bxc6 20.axb6 Qxb6 21.fxg3 Bxg4 22.Na4 Qd8 23.O-O Qc7 24.Nc3 d5
25.Rac1 Be6 26.exd5 cxd5 27.Nxd5 Qd6 28.Bc4 Rac8 29.Ne3 e4 30.Nxg5 Qxg3 31.Nxe6 Rxf1+
32.Rxf1 Be5 33.Rf5 Qh2+ 34.Kf2  1-0

[Event "Cappelle op"]
[Site "Cappelle la Grande"]
[Date "1997.??.??"]
[Round "6"]
[White "Shipov, Sergei"]
[Black "Agnos, Demetrios"]
[Result "1-0"]
[WhiteElo "2540"]
[BlackElo "2495"]

1.d4 Nf6 2.Nf3 g6 3.c4 Bg7 4.Nc3 O-O 5.e4 d6 6.Be2 e5 7.Be3 Ng4 8.Bg5 f6
9.Bh4 Nc6 10.d5 Ne7 11.Nd2 Nh6 12.f3 g5 13.Bf2 f5 14.c5 Ng6 15.O-O Nf4 16.cxd6 cxd6
17.Nc4 Rf6 18.a4 Rg6 19.exf5 Bxf5 20.g4 Bd7 21.Bd3 Qe8 22.Bxg6 Qxg6 23.Qb1 e4
24.Qxe4 Nf5 25.gxf5 Bxf5 26.Qe7 Bd3 27.Nxd6 Bxf1 28.Rxf1 Qd3 29.Qf7+ Kh8
30.Re1 Rf8 31.Re8 Nh3+ 32.Kg2 Nf4+ 33.Kg3  1-0

[Event "Cappelle op"]
[Site "Cappelle la Grande"]
[Date "1997.??.??"]
[Round "7"]
[White "Agnos, Demetrios"]
[Black "Nataf, Igor Alexandre"]
[Result "0-1"]
[WhiteElo "2495"]
[BlackElo "2410"]

1.d4 Nf6 2.c4 g6 3.Nc3 Bg7 4.e4 d6 5.Nf3 O-O 6.Be2 Na6 7.O-O e5 8.d5 Nc5
9.Nd2 a5 10.b3 Nfd7 11.Rb1 f5 12.exf5 gxf5 13.Qc2 e4 14.f4 Qh4 15.Nb5 c6
16.g3 Qh3 17.Nc7 Ra7 18.a3 b6 19.dxc6 Rxc7 20.cxd7 Bxd7 21.Bb2 Bc6 22.Rfe1 Nd3
23.Bf1 Nxe1 24.Rxe1 Qh6 25.Nb1 Bxb2 26.Qxb2 Rg7 27.Qf2 Qf6 28.Be2 e3 29.Qxe3 Re7
30.Qc3 Qh6 31.Bf1 Rxe1 32.Qxe1 Re8 33.Qf2 Qe6 34.Nd2 Qe3 35.Qxe3 Rxe3 36.Kf2 Rc3
37.a4 Be4 38.Nxe4 fxe4 39.Bg2 e3+ 40.Kf3 Rxb3 41.Bh3 Kf7 42.Bd7 Ke7 43.Bc6 Rb4
44.Bb5 d5 45.Kxe3 dxc4 46.Kd4 Kf6 47.Bd7 Rb2 48.Kxc4 Rxh2 49.Kb5 Ke7 50.Bg4 Rb2+
51.Kc6 b5 52.axb5 a4 53.Bf3 a3 54.Bd5 Rc2+  0-1

[Event "Castellaneta op"]
[Site "Castellaneta"]
[Date "1997.??.??"]
[Round "?"]
[White "Lalic, Dragan"]
[Black "Mrdja, Milan"]
[Result "1/2-1/2"]
[WhiteElo "2360"]
[BlackElo "2425"]

1.Nf3 Nf6 2.c4 g6 3.Nc3 Bg7 4.e4 d6 5.d4 O-O 6.Be2 Na6 7.O-O e5 8.Be3 Ng4
9.Bg5 Qe8 10.dxe5 dxe5 11.h3 Nf6 12.Be3 b6 13.Qb1 Nh5 14.Re1 c6  1/2-1/2

[Event "Castellaneta op"]
[Site "Castellaneta"]
[Date "1997.??.??"]
[Round "?"]
[White "Lalic, Dragan"]
[Black "Vujovic, Milorad"]
[Result "1/2-1/2"]
[WhiteElo "2360"]
[BlackElo "2255"]

1.Nf3 Nf6 2.c4 g6 3.Nc3 Bg7 4.e4 d6 5.d4 O-O 6.Be2 e5 7.Be3 Ng4 8.Bg5 f6
9.Bh4 Nc6 10.d5 Ne7 11.Nd2 Nh6 12.f3 Nf7 13.b4 a5 14.a3 c6 15.O-O  1/2-1/2

[Event "Cerrado"]
[Site "Cerrado"]
[Date "1997.??.??"]
[Round "2"]
[White "Pogorelov, Ruslan"]
[Black "Foisor, Cristina Adela B"]
[Result "1/2-1/2"]
[WhiteElo "2465"]
[BlackElo "2400"]

1.Nf3 Nf6 2.c4 g6 3.Nc3 Bg7 4.e4 d6 5.d4 O-O 6.Be2 Na6 7.O-O e5 8.Be3 Ng4
9.Bg5 f6 10.Bc1 Nh6 11.Rb1 Nf7 12.d5 c5 13.a3 f5 14.b4 b6 15.Ne1 Nc7 16.bxc5 bxc5
17.Bd2 Ne8 18.Nd3 Nf6 19.f3 Bh6 20.exf5 Bxd2 21.Qxd2 gxf5 22.f4 e4 23.Nf2 Nh6
24.Ncd1 Rf7 25.Ne3 Rg7 26.Rb3 Bd7 27.Rfb1 Be8 28.Rb7 Nd7 29.Nh3 Qf6 30.Ng5 Qd4
31.Rd1 Qxd2 32.Rxd2 Nb6 33.Rxg7+ Kxg7 34.Ne6+ Kf6 35.Rb2 Bd7 36.Nc7 Rc8 37.Nb5 Na4
38.Rc2 Rb8 39.g4 Ke7 40.g5 Nf7 41.Nxa7 Rb3 42.Kf2 Rxa3 43.Nc6+ Kf8 44.h4 Nc3
45.Rb2 Ra2 46.Rxa2 Nxa2 47.Bf1 Nc1 48.Bh3 Nd3+ 49.Kg3 Nfe5 50.h5 Nxf4 51.Bxf5 Nxh5+
52.Kh4 Bxf5 53.Nxf5 Nf4 54.Nxd6 Nxc4 55.Nxc4 Nxd5 56.N6e5 e3 57.Kg3 e2 58.Kf2 Nf4
59.Nf3 Kg7 60.Ke3 Ne6 61.Kxe2 Kg6 62.Nd6 Nd4+ 63.Nxd4 cxd4 64.Ne4 h6 65.gxh6  1/2-1/2

[Event "Cerrado"]
[Site "Cerrado"]
[Date "1997.??.??"]
[Round "5"]
[White "Baron Rodriguez, Jorge"]
[Black "Foisor, Cristina Adela B"]
[Result "0-1"]
[WhiteElo "2255"]
[BlackElo "2400"]

1.d4 Nf6 2.Nf3 g6 3.c4 Bg7 4.Nc3 d6 5.e4 O-O 6.Be2 Na6 7.O-O e5 8.Be3 Ng4
9.Bg5 f6 10.Bh4 Nh6 11.h3 Nf7 12.a3 c6 13.b4 Nc7 14.d5 h5 15.Nd2 Bh6 16.Bg3 Kg7
17.Nb3 cxd5 18.cxd5 Bd7 19.f4 h4 20.Bh2 Qe8 21.a4 Rc8 22.Kh1 Na6 23.Nb5 Nxb4
24.Nxa7 Ra8 25.Nb5 Qe7 26.Qd2 Na6 27.Nc3 Rac8 28.Bb5 Nc5 29.Nxc5 Rxc5 30.Qb2 Rfc8
31.fxe5 Nxe5 32.Bxd7 Qxd7 33.Nb5 Rc2 34.Qb4 Rxg2 35.Kxg2 Rc2+ 36.Rf2 Rxf2+
37.Kxf2 Nd3+ 38.Kg2 Nxb4 39.Bxd6 Nc2 40.Rg1 Be3 41.Rf1 Bg5 42.Rb1 Ne3+ 43.Kh2 Nc4
44.Bb8 Qe8  0-1

[Event "Cherepovets"]
[Site "Cherepovets"]
[Date "1997.??.??"]
[Round "11"]
[White "Lutsko, Igor"]
[Black "Petkevich, Jusefs"]
[Result "1/2-1/2"]
[WhiteElo "2410"]
[BlackElo "2455"]

1.d4 Nf6 2.c4 g6 3.Nc3 Bg7 4.e4 d6 5.Nf3 O-O 6.Be2 e5 7.dxe5 dxe5 8.Qxd8 Rxd8
9.Bg5 Na6 10.Nd5 Rd6 11.Nxe5 Re6 12.Nxf6+ Bxf6 13.Bxf6 Rxf6  1/2-1/2

[Event "Chicago op"]
[Site "Chicago"]
[Date "1997.??.??"]
[Round "4"]
[White "Dandridge, Marvin"]
[Black "Kaufman, Larry C"]
[Result "0-1"]
[WhiteElo "2205"]
[BlackElo "2405"]

1.d4 Nf6 2.c4 g6 3.Nc3 Bg7 4.e4 d6 5.Nf3 O-O 6.Be2 Na6 7.O-O e5 8.d5 Nc5
9.Nd2 a5 10.b3 Ne8 11.Rb1 f5 12.a3 Nf6 13.f3 Nh5 14.b4 axb4 15.axb4 Nd7 16.Nb3 Nf4
17.Kh1 Nf6 18.c5 Nxe2 19.Qxe2 f4 20.Bd2 g5 21.Ra1 Rxa1 22.Rxa1 g4 23.Ra8 Kh8
24.Na5 Nh5 25.Be1 Qg5 26.Nb5 dxc5 27.Nxc7 cxb4 28.Ne6 Bxe6 29.Rxf8+ Bxf8
30.dxe6 Bc5 31.Nb3 Ng3+ 32.Bxg3 fxg3 33.fxg4 Bf2 34.Qf3 Qh6 35.h3 Qg7 36.Qd3 Qf6
37.Qd7 Be3 38.Qc8+ Kg7 39.Qxb7+ Kh6 40.Qa6 Kg5 41.Qb5 Kg6 42.Qe8+ Kh6 43.Qh5+ Kg7
44.Qf5 h6 45.Na1 Qxf5 46.gxf5 Kf6 47.Nb3 h5 48.Na1 h4 49.Nb3 Ke7 50.Na1 Kd6
51.Nb3 Bb6 52.Nd2 Bd4 53.Nb3 Be3 54.Na5 Bg5 55.Nb3 Kc6 56.Kg1 Kb5 57.Kf1 Kc4
58.Nd2+ Kd3 59.Nf3 b3 60.Nxe5+ Kc3  0-1

[Event "Chicago op"]
[Site "Chicago"]
[Date "1997.??.??"]
[Round "7"]
[White "Friedman, Josef"]
[Black "Belakovskaia, Anjelina"]
[Result "1/2-1/2"]
[WhiteElo "2295"]
[BlackElo "2365"]

1.d4 Nf6 2.c4 g6 3.Nc3 Bg7 4.e4 d6 5.Be2 O-O 6.Nf3 e5 7.dxe5 dxe5 8.Qxd8 Rxd8
9.Bg5 Nbd7 10.O-O-O Rf8 11.Nd5 c6 12.Ne7+ Kh8 13.h4 Nc5 14.Nxc8 Raxc8 15.Nxe5 Nfxe4
16.Nd7 Rfe8 17.Nxc5 Nxc5 18.Bf3 Be5 19.Kc2 Ne6 20.Be3 Red8 21.b3 Bd4 22.Rd2 Bxe3
23.Rxd8+ Rxd8 24.fxe3 Kg7 25.Rd1 Rxd1 26.Kxd1 Kf6 27.Kd2 Ke5 28.Kd3 Nc5+
29.Kc3 Ne4+ 30.Kd3 Ng3 31.Bg4 c5 32.Bf3 b6 33.Bd5 f6 34.Bg8 h6 35.Bf7 g5
36.hxg5 fxg5 37.Be8 h5 38.Kd2 h4 39.Bd7 Ne4+ 40.Kd3 Nf6 41.Bc8 Ne4 42.Bd7 Ng3
43.Bg4 a5 44.a4 Nf5 45.Ke2 Nd6 46.Kd3 Ne4 47.Ke2 Kf6 48.Ke1 Ke7 49.Ke2 Kd6
50.Bc8 Ke5 51.Bg4 Ng3+ 52.Kd3 Nh1 53.Ke2 Ke4 54.Bf3+ Ke5 55.Bg4 Ng3+ 56.Kd3 Nf1
57.Ke2 Nh2 58.Bd7 g4 59.Kd3 Kd6 60.Bf5 Ke5 61.Bc8 g3 62.Bd7 Nf3 63.Ke2 Ng5
64.Bc8 Ne4 65.Bd7 Ng5 66.Bc8 Ne4  1/2-1/2

[Event "Capablanca 32th Premier-A"]
[Site "Cienfuegos"]
[Date "1997.??.??"]
[Round "2"]
[White "Matamoros Franco, Carlos S"]
[Black "Martin del Campo, Roberto"]
[Result "1/2-1/2"]
[WhiteElo "2480"]
[BlackElo "2465"]

1.d4 Nf6 2.c4 d6 3.Nc3 Nbd7 4.e4 e5 5.Nf3 g6 6.Be2 Bg7 7.O-O O-O 8.Qc2 Nh5
9.dxe5 dxe5 10.Bg5 f6 11.Be3 Nf4 12.Rad1 c6 13.c5 Nxe2+ 14.Qxe2 Rf7 15.Nd2 b6
16.Nc4 Ba6 17.b3 Qf8 18.Na4 Bb5 19.cxb6 axb6 20.Qc2 Bxc4 21.Qxc4 b5 22.Qxc6 bxa4
23.Rxd7 axb3 24.axb3 Qb4 25.Rc1 Qxb3 26.Rd5 Qb7 27.Qe6 h5 28.Rdc5 Kh7 29.h4 Re7
30.Qc4  1/2-1/2

[Event "Capablanca 32th Premier-A"]
[Site "Cienfuegos"]
[Date "1997.??.??"]
[Round "4"]
[White "Franco Ocampo, Zenon"]
[Black "Rohl, Juan"]
[Result "1-0"]
[WhiteElo "2460"]
[BlackElo "2415"]

1.d4 Nf6 2.c4 d6 3.Nc3 g6 4.e4 Bg7 5.Be2 O-O 6.Nf3 e5 7.d5 a5 8.Be3 Ng4 9.Bg5 f6
10.Bh4 h5 11.Nd2 Nh6 12.f3 Nf7 13.Bd3 Na6 14.a3 Nc5 15.Bc2 Bh6 16.Rb1 Bg5
17.Bf2 h4 18.O-O h3 19.g3 f5 20.b4 fxe4 21.Ndxe4 Nxe4 22.Bxe4 axb4 23.axb4 Bf5
24.c5 Ra3 25.Nb5 Bxe4 26.fxe4 Ra2 27.c6 bxc6 28.dxc6 Kg7 29.Nc3 Rd2 30.Qg4 Nh6
31.Qxh3 Rfxf2 32.Rxf2 Be3 33.Nd1 Bxf2+ 34.Nxf2 Nf7 35.Rf1 Qg5 36.Qd7  1-0

[Event "KS Sommerskak op"]
[Site "Copenhagen"]
[Date "1997.??.??"]
[Round "?"]
[White "Adamski, Jan"]
[Black "Bekker Jensen, David"]
[Result "1/2-1/2"]
[WhiteElo "2405"]
[BlackElo "2140"]

1.c4 Nf6 2.Nf3 g6 3.Nc3 Bg7 4.e4 d6 5.d4 O-O 6.Be2 e5 7.dxe5 dxe5 8.Qxd8 Rxd8
9.Bg5 Re8 10.Nd5 Nxd5 11.cxd5 c6 12.Bc4 cxd5 13.Bxd5 Nd7 14.Nd2 Nc5 15.Ke2 Ne6
16.Be3 Nf4+ 17.Bxf4 exf4 18.Rac1  1/2-1/2